बृहद अंग्रेजी-हिन्दी जीव विज्ञान शब्दकोश / (Record no. 113800)

MARC details
000 -LEADER
fixed length control field 01229nam a22002537a 4500
005 - DATE AND TIME OF LATEST TRANSACTION
control field 20170124102958.0
010 ## - LIBRARY OF CONGRESS CONTROL NUMBER
LC control number B-179390
020 ## - INTERNATIONAL STANDARD BOOK NUMBER
Terms of availability 300.00
035 ## - SYSTEM CONTROL NUMBER
System control number B-179390
037 ## - SOURCE OF ACQUISITION
Source of stock number/acquisition Cen Lib/Ret
040 ## - CATALOGING SOURCE
Original cataloging agency DPL
Language of cataloging HN
082 ## - DEWEY DECIMAL CLASSIFICATION NUMBER
Classification number 821
Item number शेवड़े
100 ## - MAIN ENTRY--PERSONAL NAME
Personal name शेवड़े, गोपाल कृष्ण
9 (RLIN) 118453
245 ## - TITLE STATEMENT
Title बृहद अंग्रेजी-हिन्दी जीव विज्ञान शब्दकोश /
Statement of responsibility, etc गोपाल कृष्ण शेवड़े
246 ## - VARYING FORM OF TITLE
Title proper/short title Brihad angrezi-hindi : jeev vigyan shabdkosh /
Remainder of title by Gopal Krishn Shevre
260 ## - PUBLICATION, DISTRIBUTION, ETC. (IMPRINT)
Place of publication, distribution, etc दिल्ली
Name of publisher, distributor, etc डिस्कवरी बुक सेंटर
Date of publication, distribution, etc 2004
270 ## - ADDRESS
City दिल्ली
Address 33 ए, नई सब्जी मंडी, आजादपुर
Postal code 110033
300 ## - PHYSICAL DESCRIPTION
Extent 288पृ. :
Dimensions 21सेमी (सजिल्द)
Other physical details सचित्र
650 ## - SUBJECT ADDED ENTRY--TOPICAL TERM
Topical term or geographic name as entry element हिन्दी -- साहित्य
9 (RLIN) 118454
650 ## - SUBJECT ADDED ENTRY--TOPICAL TERM
Topical term or geographic name as entry element हिन्दी -- शब्दकोश -- जीव विज्ञान
9 (RLIN) 53896
650 ## - SUBJECT ADDED ENTRY--TOPICAL TERM
Topical term or geographic name as entry element Hindi -- Literature
9 (RLIN) 118455
650 ## - SUBJECT ADDED ENTRY--TOPICAL TERM
Topical term or geographic name as entry element Hindi - Dictionary - biology
9 (RLIN) 53898
942 ## - ADDED ENTRY ELEMENTS (KOHA)
Source of classification or shelving scheme Dewey Decimal Classification
Koha item type Hindi Books
Classification part 821
Call number suffix शेवड़े
Holdings
Withdrawn status Lost status Damaged status Not for loan Home library Current library Date acquired Source of acquisition Cost, normal purchase price Total Checkouts Full call number Barcode Date last seen Copy number Cost, replacement price Price effective from Koha item type
        Central Library Central Library 13/08/2015 Cen Lib/Ret 300.00   821 शेवड़े B-179390 13/08/2015 1 300.00 13/08/2015 Hindi Books

© Delhi Public Library
Hit Counter
free hit counter